00350nam a2200121 a 45000010005000000030005000050050017000100080041000270400020000681000027000882450093001152600020002081245CDMR20130312182325.0130130s1973||||||||||||||||||||||||||||d aCDMRbcatcCDMR1 aNebot Roig, Montserrat10aEstudio sobre la revista "Iberia" (1915-1919) y del francofilismocMontserrat Nebot Roig aBarcelonac1973